000 01151pam a2200301 a 4500
999 _c3352
_d3352
003 OSt
005 20211111094119.0
008 950920s1996 mdua b 001 0 eng
020 _a0683050478
040 _cALUPE UNIVERSITY COLLEGE
050 0 0 _aSF991
_b.C68 1996
245 0 0 _aComplications in small animal surgery :
_bdiagnosis, management, prevention /
_c[edited by] Alan J. Lipowitz ... [et al.].
260 _aBaltimore :
_bWilliams & Wilkins,
_c1996.
300 _axvii, 686 p. :
_bill. ;
_c29 cm.
500 _a"A Lea & Febiger book."
504 _aIncludes bibliographical references and index.
650 0 _aDogs
_xSurgery
_xComplications.
650 0 _aDogs
_xWounds and injuries
_xTreatment.
650 0 _aCats
_xSurgery
_xComplications.
650 0 _aCats
_xWounds and injuries
_xTreatment.
650 0 _aVeterinary surgery
_xComplications.
650 0 _aVeterinary traumatology.
650 0 _aWound healing.
700 1 _aLipowitz, Alan J.
906 _a7
_bcbc
_corignew
_d1
_eocip
_f19
_gy-gencatlg
942 _2lcc
_cBK
_nPW